History Quiz

Random History Quiz

Test Your Constitution Knowledge! Quiz Stats

Quiz not verified by Sporcle

Challenge
Share
Tweet
Embed
Score 0/15 Timer 08:00
0 Plays Today
Constitution Fact % Correct
Who is next to serve if the President dies in office?Vice President
80.6%
Who serves as the Commander in Chief? President
75%
What is the only crime that is discussed in the Constitution?Treason
63.9%
Which branch of government did the framers think was the most important?Legislative
58.3%
What fraction of Congress is required to veto the president? Two-thirds
50%
Which amendment made former slaves citizens of both the United States and the state they lived in? XIV
41.7%
What are the powers that are assumed by the government that aren't specifically listed in the Constitution called? Implied
38.9%
Which Amendment ensures that the accused will have a speedy trial, an impartial jury, and knowledge of the crime the accused of committing?VI
38.9%
Constitution Fact % Correct
What article gave the US government supreme power. VI
36.1%
Which Amendment outlawed alcohol in the US?XVIII
36.1%
What does Article 1 outlaw creating nationally?Religion
30.6%
The Congress shall have Power To make all Laws which shall be_________________ for carrying into Execution the foregoing Powers, and all other Powers vested by this Constitution inNecessary and Proper
30.6%
What are the Civil War Amendments?XIII,XIV, XV
22.2%
What article deals with amending the Constitution? V
19.4%
What powers are shared by both the state and national governments? Concurrent
16.7%

You're not logged in!

Compare scores with friends on all Sporcle quizzes.
Join for Free
OR
Log In

You Might Also Like...

Show Comments

Extras

Created Nov 8, 2011SourceReportNominate
Tags:constitution, test

Top Quizzes Today


Score Distribution

Your Account Isn't Verified!

In order to create a playlist on Sporcle, you need to verify the email address you used during registration. Go to your Sporcle Settings to finish the process.

Report this User

Report this user for behavior that violates our Community Guidelines.

Details: